Responsible leadership : lessons from the front line of sustainability and ethics

Bibliographic Details
Main Author: Stuart, Mark Moody
Format: Book
Published: UK : Greenleaf Publishing Limited , 2014
Subjects:

MARC

LEADER 00000cam a2200000 7i4500
001 0000088501
005 20230125120218.0
008 220404
020 |a 9781906093969 
041 0 |a English 
090 0 0 |a 658.4063   |b STU 
100 1 |a Stuart, Mark Moody 
245 1 0 |a Responsible leadership :   |b lessons from the front line of sustainability and ethics   |c Mark Moody-Stuart 
260 |a UK :   |b Greenleaf Publishing Limited ,   |c 2014 
300 |a 203p. ;   |c 23.5 cm. 
500 |a Includes index 
541 |c Donation from Dato' Badrul 
650 0 |a Leadership 
999 |a 0001681607   |b Book   |c Adult Collection   |e Perbadanan Perpustakaan Awam Johor